Finanzas operacionales : libro de apoyo /

Bibliographic Details
Main Authors: Piedra Aguilera, Marco Antonio (Author), Proaño Rivera, Wazhington Bladimir (Author)
Format: Electronic eBook
Language:Spanish
Published: Cuenca, Ecuador : Universidad del Azuay, Casa Editora, [2023]
Edition:Primera edición.
Series:Numerus (Universidad del Azuay, Casa Editora)
Subjects:
Online Access:Digitalia Hispánica

MARC

LEADER 00000nam a2200000Ii 4500
001 DIGUAZUAY0228
003 NyNyDIG
006 m o d
007 cr |||||||||||
008 251104s2023 ec a ob 000 0 spa d
035 |a (OCoLC)1548425579 
040 |a DGITA  |b eng  |e rda  |e pn  |c DGITA 
020 |a 9789942618962  |q eBook 
020 |z 9789942618955 
050 1 4 |a HG4014 ebook 
100 1 |a Piedra Aguilera, Marco Antonio,  |e author. 
245 1 0 |a Finanzas operacionales :  |b libro de apoyo /  |c Marco Antonio Piedra Aguilera, Wazhington Bladimir Proaño Rivera. 
250 |a Primera edición. 
264 1 |a Cuenca, Ecuador :  |b Universidad del Azuay, Casa Editora,  |c [2023] 
300 |a 1 online resource :  |b illustrations. 
336 |a text  |b txt  |2 rdacontent 
337 |a computer  |b c  |2 rdamedia 
338 |a online resource  |b cr  |2 rdacarrier 
347 |a text file  |2 rdaft 
347 |b PDF 
490 1 |a Numerus 
504 |a Includes bibliographical references. 
588 0 |a Online resource; title from PDF title page (Digitalia, viewed November 4, 2025) 
650 0 |a Business enterprises  |x Finance. 
700 1 |a Proaño Rivera, Wazhington Bladimir,  |e author. 
791 2 |a Digitalia (Firm),  |e distributor. 
793 0 |g Digitalia eBook Collection:  |a Universidad del Azuay 
776 0 8 |i Print version:  |a Piedra Aguilera, Marco Antonio.  |t Finanzas operacionales.  |b Primera edición.  |d Cuenca, Ecuador : Universidad del Azuay, Casa Editora, [2023]  |z 9789942618955 
830 0 |a Numerus (Universidad del Azuay, Casa Editora) 
856 4 0 |3 Digitalia Hispánica  |u https://www.digitaliapublishing.com/a/134018/ 
910 |a Premium collection: 2025